Biochemistry
| Main Author: | Campbell, Mary K |
|---|---|
| Other Authors: | Farrell, Shawn O |
| Published: |
Australia:
Thomson,
2003.
|
| Subjects: |
| LEADER | 00445cam a2200157 7i4500 | ||
|---|---|---|---|
| 001 | 0000007988 | ||
| 005 | 20221018090000.0 | ||
| 020 | |a 0534391818 | ||
| 090 | 0 | 0 | |a QD415 |b .C55 2003 |
| 100 | 1 | |a Campbell, Mary K | |
| 245 | 1 | 0 | |a Biochemistry |c Mary K. Campbell, Shawn O. Farrell. |
| 260 | |a Australia: |b Thomson, |c 2003. | ||
| 300 | |a xxiii, 725 p.: |b col. ill.; |c 28cm. | ||
| 650 | 0 | 0 | |a Biochemistry |
| 700 | 1 | |a Farrell, Shawn O | |
| 997 | |a Health Sciences, Faculty | ||


